College Quizbowl Stats
College Quizbowl Stats
Circuits
Seasons
Sets
Records
Detailed Stats
About
Loading...
2025 Chicago Open
Tossups
Bonuses
Players
Teams
Categories (Tossup)
Categories (Bonus)
Donal Ryan
It's not X, but... defenders
Categories
Category
Powers
Gets
Negs
BBs
Points
Earliest Buzz
Avg. Buzz
First Buzzes
Top 3 Buzzes
BPA
PVF
Beliefs
1
1
0
0
25
54
89.00
0
1
3.44
6.59
Science - Biology
1
0
0
0
15
84
84.00
1
1
2.44
7.69
History - Ancient
0
1
0
1
10
135
135.00
0
0
0.45
3.41
History - European
0
1
0
0
10
87
87.00
1
1
3.04
6.15
Buzzes
Category
Answer
Value
Buzz Position
Beliefs
sleeping
15
54
Science - Biology
acacias
15
84
History - European
Bulgars
10
87
Beliefs
Krampus
10
124
History - Ancient
Louisiana
10
135
Previous
1
Next